000 00587cam a22002173a 4500
001 37462
003 PGUSA
005 20140828083825.0
008 110919s2011||||xxu|||||s|||||000 | eng d
040 _aPGUSA
_beng
042 _adc
100 1 _aWoodgate, W. B.
245 1 0 _aBoating
_h[electronic resource] /
_cW. B. Woodgate
260 _bProject Gutenberg,
_c2011
506 _aPublic domain in the USA.
516 _aElectronic text
700 1 _aDadd, Frank,
_d1851-1929
830 0 _aProject Gutenberg
_v37462
856 4 0 _uhttp://www.gutenberg.org/ebooks/37462
942 _cEB
999 _c266716
_d266716